00540nam a2200169Ia 4500003000400000008004100004020001800045040001600063082001900079100001900098245008100117700002100198260007200219300002000291650002400311650003500335GCL140319s9999 xx 000 0 eng d a977 424 516 4 aGCL / cGCL04aCCb916.2bF P1 aFRITH, FRANCIS10aFRANCIS FRITH : bPHOTOGRAPHES OF EGYPT AND THE HOLY LAND / cFRITH, FRANCIS1 aSLADKOV, NIKOLAI aالقاهرة : bTHE AMERICAN UNIVERSITY IN CAIRO PRESS ، c1999 a24 CM ؛ c83 P04aEGYPT - PHOTOGRAPHS04aEGYPT - DESCRIPTION AND TRAVEL